Italian players who won the ball on dor - Statistics

General Stats
  • This quiz has been taken 29 times
  • The average score is 3 of 5
Answer Stats
Hinweis Answer % Correct
1993 Roberto Baggio
92%
2006 Cannavaro
88%
1982 Paolo Rossi
83%
1961 Sivori
50%
1969 Gianni Rivera
21%
No matching quizzes found
Score Distribution
Percent of People with Each Score
Percentile by Number Answered
Your Score History
You have not taken this quiz